| 000 | 00452nam a2200133Ia 4500 | ||
|---|---|---|---|
| 008 | 210430s9999 xx 000 0 und d | ||
| 020 | _a9789694073408 | ||
| 082 | _a181.07 S5241 H | ||
| 100 | _a Prof.M.M. Sharif | ||
| 245 | 2 |
_aA History of Muslim Philosophy: with short accounts of other disciplines and the modern renaissance in Muslim lands VoL-1 / _c Prof.M.M. Sharif |
|
| 260 |
_aPakistan _bM.M.Sharif _c2007 |
||
| 300 | _a787p | ||
| 942 |
_cBK _2ddc |
||
| 999 |
_c562670 _d562670 |
||